The energy and economic studies of an ice slurry system in a tropical building /
Saved in:
| Main Author: | |
|---|---|
| Format: | Thesis Book |
| Language: | English |
| Published: |
2008.
|
| Subjects: | |
| Tags: |
Add Tag
No Tags, Be the first to tag this record!
|
| LEADER | 01025cam a2200253 a 4500 | ||
|---|---|---|---|
| 001 | u766832 | ||
| 003 | SIRSI | ||
| 005 | 200903101546 | ||
| 008 | 090310s2008 my t 000 0 eng m | ||
| 040 | |a UMM | ||
| 090 | |a TJ7 |b UM 2008 Lee | ||
| 100 | 1 | |a Lee, Swee Kei. | |
| 245 | 1 | 4 | |a The energy and economic studies of an ice slurry system in a tropical building / |c by Lee Swee Kei. |
| 260 | |c 2008. | ||
| 300 | |a xiii, 147 leaves : |b ill. (some col.) ; |c 30 cm. | ||
| 502 | |a Dissertation (M.Eng.) -- Jabatan Kejuruteraan Mekanik, Fakulti Kejuruteraan, Universiti Malaya, 2008. | ||
| 504 | |a Bibliography: leaves 92-96. | ||
| 650 | 0 | |a Heat storage devices. | |
| 650 | 0 | |a Building |x Tropics. | |
| 710 | 2 | |a Universiti Malaya. |b Jabatan Kejuruteraan Mekanik. | |
| 900 | |a NAR-ZA | ||
| 596 | |a 1 7 | ||
| 999 | |a TJ7 UM 2008 LEE |w LC |c 1 |i A513398664 |d 21/1/2011 |e 21/1/2011 |f 7/10/2009 |g 1 |l STACKS |m P01UTAMA |n 1 |r Y |s Y |t TESIS |u 1/10/2009 | ||
| 999 | |a TJ7 UM 2008 LEE |w LC |c 1 |i A513445801 |d 23/4/2010 |f 23/4/2010 |g 1 |l STACKS |m P07JURUTER |r Y |s Y |t TESIS |u 1/4/2010 | ||
